[Event "RB-2013-0-00206"]
[Site "LSS email"]
[Date "2013.02.15"]
[Round "?"]
[White "Grigoryan, Gagik"]
[Black "Willmann, Bernd"]
[Result "1/2-1/2"]
[WhiteElo "1950"]
[BlackElo "1908"]
[PlyCount "66"]
[EventDate "2013.01.14"]
[EventType "tourn (corr)"]
[EventRounds "6"]
[EventCountry "GER"]
[SourceTitle "Telechess CBM 159"]
[Source "ChessBase"]
[SourceDate "2014.03.17"]
[SourceVersion "1"]
[SourceVersionDate "2014.03.17"]
[SourceQuality "1"]

1. d4 d5 2. c4 c6 3. Nf3 Nf6 4. Nc3 e6 5. Bg5 h6 6. Bh4 dxc4 7. e4 g5 8. Bg3 b5 9. Be2 b4 10. Na4 Nxe4 11. Be5 Nf6 12. Nc5 Rg8 13. Qc2 Nbd7 14. Nxd7 Nxd7 15. 0-0 Ba6 16. Rfe1 Qa5 17. Rac1 g4 18. Nd2 c3 19. bxc3 Bxe2 20. Rxe2 bxc3 21. Ne4 Rg6 22. Nxc3 Nxe5 23. Rxe5 Qa6 24. d5 cxd5 25. Nxd5 Bd6 26. Re4 Rd8 27. g3 Kf8 28. Qb2 e5 29. Qc2 Ba3 30. Rd1 Rc6 31. Qb3 Bc5 32. Kg2 Rcd6 33. Rxe5 Qa3 1/2-1/2

[Event "RB-2013-0-00206"]
[Site "LSS email"]
[Date "2013.02.15"]
[Round "?"]
[White "Husemann, Andreas"]
[Black "Grigoryan, Gagik"]
[Result "1/2-1/2"]
[WhiteElo "2091"]
[BlackElo "1950"]
[PlyCount "193"]
[EventDate "2013.01.14"]
[EventType "tourn (corr)"]
[EventRounds "6"]
[EventCountry "GER"]
[SourceTitle "Telechess CBM 159"]
[Source "ChessBase"]
[SourceDate "2014.03.17"]
[SourceVersion "1"]
[SourceVersionDate "2014.03.17"]
[SourceQuality "1"]

1. d4 Nf6 2. c4 e6 3. Nc3 Bb4 4. Qc2 c5 5. dxc5 0-0 6. a3 Bxc5 7. Nf3 b6 8. Bg5 Bb7 9. e3 h6 10. Bh4 Be7 11. Be2 d6 12. 0-0 a6 13. Rfd1 Nbd7 14. Bg3 Qc7 15. Qd2 Ne8 16. Rac1 Rd8 17. b4 Qc6 18. e4 Ba8 19. Nd4 Qb7 20. f4 Rc8 21. Bf3 Qb8 22. Qe3 Qc7 23. Rd2 g6 24. Nb3 Ng7 25. Rdc2 Bf6 26. Nd2 Rfd8 27. Be2 Qc6 28. Bf2 Nf5 29. Qd3 Ne7 30. Qh3 Bg7 31. Rd1 Qc7 32. Rcc1 Qa7 33. Qe3 Qb8 34. Nf3 Qc7 35. Bf1 Rb8 36. h3 Rbc8 37. Bh4 Nf6 38. Bd3 Re8 39. Na4 Rb8 40. Bf2 Nd7 41. Bb1 Red8 42. Qd3 Nf6 43. Qe2 Re8 44. Qe3 Nc8 45. e5 dxe5 46. fxe5 Nd7 47. c5 b5 48. c6 Bxc6 49. Nc5 Nxc5 50. Qxc5 Ne7 51. Rd6 Qb7 52. Rxc6 Qxc6 53. Qxc6 Nxc6 54. Rxc6 Rec8 55. Be4 Rxc6 56. Bxc6 h5 57. Kf1 Rc8 58. Bb7 Rc3 59. Bxa6 Rxa3 60. Bxb5 Ra1+ 61. Be1 Bf8 62. Ke2 Rb1 63. Be8 Bxb4 64. Bxb4 Rxb4 65. Ng5 Kf8 66. Bxf7 Rb5 67. Kf2 Kg7 68. Bxe6 Rxe5 69. h4 Ra5 70. Ke3 Kf6 71. Bd7 Ra7 72. Ne4+ Ke5 73. Bb5 Kf5 74. Nf2 g5 75. Bd3+ Kf6 76. Ne4+ Kf5 77. Nxg5+ Kg4 78. Kf2 Kxh4 79. Nf3+ Kg4 80. Bc4 Rb7 81. Be6+ Kf4 82. g3+ Ke4 83. Nh4 Ke5 84. Bg8 Rb4 85. Nf3+ Kf6 86. Bd5 h4 87. gxh4 Rf4 88. Kg3 Rxf3+ 89. Bxf3 Kg7 90. Be4 Kh8 91. h5 Kg7 92. Kg4 Kh8 93. Kg5 Kg7 94. h6+ Kh8 95. Kg6 Kg8 96. h7+ Kh8 97. Kh6 1/2-1/2

[Event "CP-2012-P-00037"]
[Site "LSS email"]
[Date "2012.10.01"]
[Round "?"]
[White "Grigoryan, Gagik"]
[Black "Germanes, Ramil"]
[Result "1/2-1/2"]
[WhiteElo "1950"]
[BlackElo "1848"]
[PlyCount "123"]
[EventDate "2012.10.05"]
[EventType "tourn (corr)"]
[EventRounds "6"]
[EventCountry "GER"]
[SourceTitle "Telechess CBM 163"]
[Source "ChessBase"]
[SourceDate "2014.11.11"]
[SourceVersion "2"]
[SourceVersionDate "2014.11.11"]
[SourceQuality "1"]

1. d4 d5 2. c4 c6 3. Nf3 Nf6 4. Nc3 dxc4 5. a4 Bf5 6. e3 e6 7. Bxc4 Bb4 8. 0-0 Nbd7 9. Qe2 Bg6 10. e4 0-0 11. Bd3 Bh5 12. e5 Nd5 13. Nxd5 cxd5 14. Qe3 Be7 15. Bd2 Nb8 16. Ne1 Nc6 17. Qh3 Bg6 18. Bxg6 hxg6 19. Nf3 Re8 20. a5 Rc8 21. a6 b6 22. Rac1 b5 23. Rc3 Qb6 24. Rd3 Bd8 25. Re1 Rc7 26. Qg4 Ne7 27. Qh4 Nf5 28. Qh3 Qc6 29. g4 Qc2 30. Qf1 Nh6 31. h3 Qc6 32. Rb3 Qxa6 33. Ra1 Qc6 34. Qxb5 Qxb5 35. Rxb5 Rd7 36. Rb8 Kf8 37. Bb4+ Be7 38. Rxe8+ Kxe8 39. Bc5 Bxc5 40. dxc5 Ng8 41. Nd4 Ne7 42. c6 Rc7 43. Ra6 g5 44. Kf1 Kf8 45. Ke2 Kg8 46. b4 f6 47. f4 gxf4 48. exf6 gxf6 49. Nxe6 Rxc6 50. Rxc6 Nxc6 51. b5 f3+ 52. Kxf3 Ne5+ 53. Ke3 Kf7 54. Nc7 Kg6 55. Ne6 f5 56. g5 d4+ 57. Nxd4 Kxg5 58. Nc6 f4+ 59. Ke2 Nc4 60. Nxa7 Kh4 61. Kf3 Nb6 62. Kxf4 1/2-1/2

[Event "CP-2012-P-00037"]
[Site "LSS email"]
[Date "2012.10.01"]
[Round "?"]
[White "Panov, Sergey Ivanovich"]
[Black "Grigoryan, Gagik"]
[Result "1/2-1/2"]
[WhiteElo "2186"]
[BlackElo "1950"]
[PlyCount "89"]
[EventDate "2012.10.05"]
[EventType "tourn (corr)"]
[EventRounds "6"]
[EventCountry "GER"]
[SourceTitle "Telechess CBM 163"]
[Source "ChessBase"]
[SourceDate "2014.11.11"]
[SourceVersion "2"]
[SourceVersionDate "2014.11.11"]
[SourceQuality "1"]

1. Nf3 d5 2. d4 Nf6 3. c4 c6 4. Nc3 e6 5. e3 Nbd7 6. Qc2 Bd6 7. Bd3 0-0 8. 0-0 dxc4 9. Bxc4 b5 10. Be2 Bb7 11. Rd1 Qc7 12. Bd2 a6 13. b4 e5 14. Bd3 Rfe8 15. Rac1 h6 16. a3 Rad8 17. h3 Qb8 18. Ne4 Nxe4 19. Bxe4 exd4 20. Bh7+ Kh8 21. exd4 Nb6 22. Bd3 Bc8 23. Qxc6 Re6 24. Qc3 Bb7 25. Bb1 Nc4 26. Re1 Rxe1+ 27. Rxe1 Bxf3 28. Qd3 g6 29. Qxf3 Nxd2 30. Qf6+ Kg8 31. Bxg6 Rf8 32. Kh1 Qc7 33. Bd3 Bf4 34. h4 Qd6 35. Qf5 Kg7 36. g3 Qg6 37. Qxg6+ fxg6 38. Re6 Rf6 39. Rxf6 Kxf6 40. gxf4 Nf3 41. h5 gxh5 42. d5 h4 43. Bc2 Nd4 44. Be4 Ne2 45. d6 1/2-1/2

[Event "CP-2012-P-00037"]
[Site "LSS email"]
[Date "2012.10.01"]
[Round "?"]
[White "Roberts, Anthony"]
[Black "Grigoryan, Gagik"]
[Result "1/2-1/2"]
[WhiteElo "2163"]
[BlackElo "1950"]
[PlyCount "53"]
[EventDate "2012.10.05"]
[EventType "tourn (corr)"]
[EventRounds "6"]
[EventCountry "GER"]
[SourceTitle "Telechess CBM 163"]
[Source "ChessBase"]
[SourceDate "2014.11.11"]
[SourceVersion "2"]
[SourceVersionDate "2014.11.11"]
[SourceQuality "1"]

1. e4 c5 2. Nf3 Nc6 3. d4 cxd4 4. Nxd4 Nf6 5. Nc3 e5 6. Ndb5 d6 7. Bg5 a6 8. Na3 b5 9. Bxf6 gxf6 10. Nd5 f5 11. c3 Bg7 12. exf5 Bxf5 13. Nc2 0-0 14. Nce3 Be6 15. Bd3 f5 16. 0-0 Ra7 17. a4 Ne7 18. Nxe7+ Rxe7 19. axb5 axb5 20. Bxb5 d5 21. Ra6 Kh8 22. Nc2 Qb8 23. Na3 e4 24. Bc6 Qxb2 25. Bxd5 Bxd5 26. Qxd5 Qxc3 27. Nc4 1/2-1/2

[Event "WC-2016-P-00002"]
[Site "LSS email"]
[Date "2012.02.12"]
[Round "?"]
[White "Bester, Kazimierz"]
[Black "Grigoryan, Gagik"]
[Result "0-1"]
[WhiteElo "830"]
[BlackElo "1939"]
[PlyCount "82"]
[EventDate "2012.02.15"]
[EventType "tourn (corr)"]
[EventRounds "10"]
[EventCountry "GER"]
[SourceTitle "Telechess CBM 163"]
[Source "ChessBase"]
[SourceDate "2014.11.11"]
[SourceVersion "2"]
[SourceVersionDate "2014.11.11"]
[SourceQuality "1"]

1. f4 d5 2. e3 g6 3. Nf3 Bg7 4. Be2 Nf6 5. d4 0-0 6. 0-0 c5 7. c3 b6 8. Ne5 Ba6 9. Rf3 Bb7 10. Rh3 Bc8 11. Rg3 Ne4 12. Rf3 Nd7 13. Nc6 Qe8 14. Ne5 Nxe5 15. fxe5 Bf5 16. Qf1 f6 17. Rxf5 gxf5 18. Qxf5 fxe5 19. Qe6+ Qf7 20. Bg4 exd4 21. Qxf7+ Kxf7 22. Na3 dxc3 23. bxc3 Nxc3 24. Bh5+ Kg8 25. Nc2 Ne4 26. Rb1 Rf2 27. Ne1 Raf8 28. Nf3 Rxa2 29. h3 Nc3 30. Rb2 Ra1 31. Rc2 Rxc1+ 32. Rxc1 Ne2+ 33. Kf2 Nxc1 34. Bg4 Rf6 35. Kg3 b5 36. Ng5 b4 37. Be6+ Rxe6 38. Nxe6 c4 39. Kf3 b3 40. Nd4 Bxd4 41. exd4 b2 0-1

[Event "WC-2016-P-00002"]
[Site "LSS email"]
[Date "2012.02.12"]
[Round "?"]
[White "Borisovs, Leonids"]
[Black "Grigoryan, Gagik"]
[Result "1-0"]
[WhiteElo "2158"]
[BlackElo "1939"]
[PlyCount "109"]
[EventDate "2012.02.15"]
[EventType "tourn (corr)"]
[EventRounds "10"]
[EventCountry "GER"]
[SourceTitle "Telechess CBM 163"]
[Source "ChessBase"]
[SourceDate "2014.11.11"]
[SourceVersion "2"]
[SourceVersionDate "2014.11.11"]
[SourceQuality "1"]

1. Nf3 d5 2. d4 Nf6 3. c4 e6 4. g3 dxc4 5. Bg2 a6 6. 0-0 Nc6 7. Nc3 Rb8 8. e4 Be7 9. Qe2 b5 10. Rd1 Nb4 11. d5 exd5 12. e5 Ng4 13. h3 Nh6 14. Bxh6 gxh6 15. Ne1 c6 16. a3 Nd3 17. Nxd3 cxd3 18. Qxd3 b4 19. axb4 Rxb4 20. Qe3 0-0 21. Qxh6 Qb6 22. Ra4 Rxb2 23. Rf4 Qb8 24. Qxc6 Qxe5 25. Nxd5 Bg5 26. Re4 Qf5 27. Qc5 Rb5 28. Qd4 Qg6 29. Bf1 Bf5 30. Re5 Rb1 31. Rxb1 Bxb1 32. h4 Bd8 33. Nf4 Qb6 34. Rg5+ Bg6 35. Qxb6 Bxb6 36. h5 Bd8 37. Rg4 f5 38. Bc4+ Kh8 39. Nxg6+ hxg6 40. Rxg6 a5 41. Kg2 Bf6 42. Bd3 Bc3 43. f4 Be1 44. Bc2 Bc3 45. Kf3 Bb4 46. Rg5 Rf6 47. Bxf5 a4 48. Bb1 a3 49. Rb5 Bd6 50. Rb6 Kg8 51. Ba2+ Kg7 52. Rb7+ Kf8 53. Ra7 Bc5 54. Ra4 Rd6 55. g4 1-0

[Event "WC-2016-P-00002"]
[Site "LSS email"]
[Date "2012.02.12"]
[Round "?"]
[White "Grigoryan, Gagik"]
[Black "Bilsel, Sabahaddin"]
[Result "0-1"]
[WhiteElo "1939"]
[BlackElo "1927"]
[PlyCount "88"]
[EventDate "2012.02.15"]
[EventType "tourn (corr)"]
[EventRounds "10"]
[EventCountry "GER"]
[SourceTitle "Telechess CBM 163"]
[Source "ChessBase"]
[SourceDate "2014.11.11"]
[SourceVersion "2"]
[SourceVersionDate "2014.11.11"]
[SourceQuality "1"]

1. d4 Nf6 2. c4 e6 3. Nc3 Bb4 4. e3 0-0 5. Bd3 c5 6. Nf3 d5 7. 0-0 cxd4 8. exd4 dxc4 9. Bxc4 a6 10. Bg5 b5 11. Bd3 Bb7 12. Rc1 Be7 13. Bxf6 Bxf6 14. Be4 Nc6 15. Nxb5 axb5 16. Bxc6 Bxc6 17. Rxc6 Qd7 18. Rc5 Rxa2 19. Qe2 b4 20. h3 Rd8 21. Qc2 Bxd4 22. Rd1 b3 23. Qxb3 Bxc5 24. Rxd7 Ra1+ 25. Kh2 Rxd7 26. Qb8+ Bf8 27. Ne5 Rda7 28. b4 Ra8 29. Qc7 R1a7 30. Qb6 Be7 31. Nc4 Rd7 32. f4 Bf6 33. b5 Rad8 34. Qf2 Rc8 35. Qa2 Rd4 36. Na5 Ra8 37. b6 Rb4 38. Qc2 Rxb6 39. Qc5 Rbb8 40. Nc4 Rd8 41. Qb5 Rac8 42. Ne5 Bxe5 43. Qxe5 h6 44. h4 Rc2 0-1

[Event "WC-2016-P-00002"]
[Site "LSS email"]
[Date "2012.02.12"]
[Round "?"]
[White "Grigoryan, Gagik"]
[Black "Simmelink, Joop Theo"]
[Result "1-0"]
[WhiteElo "1939"]
[BlackElo "2303"]
[PlyCount "63"]
[EventDate "2012.02.15"]
[EventType "tourn (corr)"]
[EventRounds "10"]
[EventCountry "GER"]
[SourceTitle "Telechess CBM 163"]
[Source "ChessBase"]
[SourceDate "2014.11.11"]
[SourceVersion "2"]
[SourceVersionDate "2014.11.11"]
[SourceQuality "1"]

1. d4 Nc6 2. d5 Ne5 3. e4 e6 4. dxe6 fxe6 5. Nc3 b6 6. Nf3 Nf7 7. Bc4 Bb7 8. Qe2 a6 9. Bb3 Bd6 10. 0-0 h5 11. a4 Ngh6 12. Kh1 Ng4 13. Bd2 g5 14. Rad1 Qf6 15. Rde1 Qg6 16. Bc4 Rf8 17. Bd3 Nge5 18. Nxe5 Nxe5 19. f3 Qg7 20. Be3 Nxd3 21. cxd3 0-0-0 22. Qd2 Qe5 23. g3 g4 24. Bg5 Rde8 25. d4 Qa5 26. f4 Bb4 27. Qc2 Kb8 28. Rd1 Qf5 29. Rfe1 Qh7 30. Re2 d5 31. e5 c5 32. Qxh7 1-0

[Event "WC-2016-P-00002"]
[Site "LSS email"]
[Date "2012.02.12"]
[Round "?"]
[White "Salzmann, Stefan"]
[Black "Grigoryan, Gagik"]
[Result "1/2-1/2"]
[WhiteElo "2054"]
[BlackElo "1939"]
[PlyCount "67"]
[EventDate "2012.02.15"]
[EventType "tourn (corr)"]
[EventRounds "10"]
[EventCountry "GER"]
[SourceTitle "Telechess CBM 163"]
[Source "ChessBase"]
[SourceDate "2014.11.11"]
[SourceVersion "2"]
[SourceVersionDate "2014.11.11"]
[SourceQuality "1"]

1. d4 Nf6 2. c4 e6 3. Nf3 d5 4. g3 Be7 5. Bg2 0-0 6. 0-0 dxc4 7. Qc2 a6 8. Qxc4 b5 9. Qc2 Bb7 10. Bd2 Be4 11. Qc1 Bb7 12. Bf4 Nd5 13. Nc3 Nxf4 14. Qxf4 Qd6 15. Rfd1 Nd7 16. Ne5 Bxg2 17. Kxg2 Nxe5 18. dxe5 Qb6 19. Ne4 Rad8 20. Rac1 c5 21. Nd6 h6 22. h4 Qc6+ 23. f3 Rd7 24. b3 Bxd6 25. Rxd6 Rxd6 26. exd6 Rd8 27. Rd1 c4 28. bxc4 bxc4 29. h5 c3 30. Qc1 Qb5 31. Rd3 Qb2 32. Qxb2 cxb2 33. Rb3 Rxd6 34. Rxb2 1/2-1/2

[Event "BI-2011-F-00010"]
[Site "LSS email"]
[Date "2012.02.12"]
[Round "?"]
[White "Taroma Corpus, Roger"]
[Black "Grigoryan, Gagik"]
[Result "0-1"]
[WhiteElo "1692"]
[BlackElo "1939"]
[PlyCount "116"]
[EventDate "2012.02.15"]
[EventType "tourn (corr)"]
[EventRounds "10"]
[EventCountry "GER"]
[SourceTitle "Telechess CBM 165"]
[Source "ChessBase"]
[SourceDate "2015.03.11"]
[SourceVersion "1"]
[SourceVersionDate "2015.03.11"]
[SourceQuality "1"]

1. e4 c5 2. Nf3 Nc6 3. Bb5 g6 4. Bxc6 dxc6 5. d3 Bg7 6. h3 Nf6 7. 0-0 0-0 8. Be3 b6 9. Qc1 Re8 10. Bh6 Bh8 11. Rd1 Qc7 12. Qe3 Nh5 13. c3 e5 14. Nbd2 Nf4 15. a4 a5 16. Nc4 Be6 17. Nfxe5 Bxe5 18. Nxe5 Nxh3+ 19. gxh3 Qxe5 20. Bf4 Qh5 21. Kh2 Ra7 22. Rg1 f6 23. Rae1 Bb3 24. Rg4 Rd7 25. Qg3 g5 26. Bxg5 Be6 27. Bxf6+ Bxg4 28. Rg1 c4 29. Qxg4+ Qxg4 30. Rxg4+ Kf7 31. Rg7+ Ke6 32. dxc4 Rxg7 33. Bxg7 Kf7 34. Bd4 c5 35. Be3 Rxe4 36. b3 Re7 37. Kg2 Rd7 38. Bf4 Ke6 39. Kf1 Rd3 40. Bc7 Rxc3 41. Bxb6 Rxh3 42. Bxa5 Rxb3 43. Bd2 Rb1+ 44. Ke2 h5 45. Be3 Rb2+ 46. Kf3 Kd6 47. Kg3 Rc2 48. Kh4 Rxc4+ 49. Kxh5 Rxa4 50. f4 c4 51. Bd2 Kd5 52. f5 Ra3 53. f6 Ke6 54. Bc1 Rg3 55. Kh4 Rd3 56. Kg5 c3 57. f7 Rf3 58. Bf4 Kxf7 0-1

[Event "CP-2010-Q-00003"]
[Site "LSS email"]
[Date "2012.01.15"]
[Round "?"]
[White "Grigoryan, Gagik"]
[Black "Pedro, Fernando"]
[Result "1/2-1/2"]
[WhiteElo "1939"]
[BlackElo "2142"]
[PlyCount "66"]
[EventDate "2012.01.20"]
[EventType "tourn (corr)"]
[EventRounds "6"]
[EventCountry "GER"]
[SourceTitle "Telechess CBM 165"]
[Source "ChessBase"]
[SourceDate "2015.03.11"]
[SourceVersion "1"]
[SourceVersionDate "2015.03.11"]
[SourceQuality "1"]

1. d4 d5 2. c4 c6 3. Nf3 Nf6 4. Nc3 dxc4 5. a4 e6 6. e3 c5 7. Bxc4 Nc6 8. 0-0 cxd4 9. exd4 Be7 10. Qe2 0-0 11. Rd1 Nd5 12. Bb3 Ncb4 13. Ne5 Bd7 14. Qg4 Nf6 15. Qg3 Be8 16. Be3 Kh8 17. Rac1 Rc8 18. Qf3 Nfd5 19. Nxd5 Rxc1 20. Rxc1 Nxd5 21. Bd2 Kg8 22. h3 Qb6 23. Qd3 Nb4 24. Qc3 Qd8 25. Kh1 Nc6 26. Rd1 a5 27. Bf4 Nb4 28. Qf3 Nd5 29. Bd2 Bc6 30. Kg1 Bb4 31. Bc1 Qc7 32. Nxc6 bxc6 33. Bg5 Rc8 1/2-1/2

[Event "CP-2010-Q-00003"]
[Site "LSS email"]
[Date "2012.01.15"]
[Round "?"]
[White "Grigoryan, Gagik"]
[Black "Wellen, Loyd"]
[Result "1/2-1/2"]
[WhiteElo "1939"]
[BlackElo "2067"]
[PlyCount "105"]
[EventDate "2012.01.20"]
[EventType "tourn (corr)"]
[EventRounds "6"]
[EventCountry "GER"]
[SourceTitle "Telechess CBM 165"]
[Source "ChessBase"]
[SourceDate "2015.03.11"]
[SourceVersion "1"]
[SourceVersionDate "2015.03.11"]
[SourceQuality "1"]

1. d4 d5 2. c4 c6 3. Nf3 Nf6 4. Nc3 e6 5. e3 Nbd7 6. Qc2 Bd6 7. Bd3 0-0 8. 0-0 dxc4 9. Bxc4 b5 10. Be2 Bb7 11. Rd1 Qc7 12. e4 e5 13. dxe5 Nxe5 14. Nd4 Neg4 15. g3 Bc5 16. Bxg4 Nxg4 17. Nce2 Qb6 18. a4 a5 19. Bf4 Rfe8 20. Bc7 Qxc7 21. Qxc5 Rxe4 22. axb5 Re5 23. Qc3 c5 24. Nf4 Qb6 25. Nc6 c4 26. Rd4 Rae8 27. Nxe5 Nxe5 28. Kf1 Nf3 29. Rd5 Nxh2+ 30. Kg1 h6 31. Qxa5 Nf3+ 32. Kg2 Ne1+ 33. Kf1 Qxa5 34. Rxa5 Nd3 35. Nxd3 Bxd5 36. Nb4 Bf3 37. Nc2 Be4 38. Ne3 Re5 39. f4 c3 40. bxc3 Rxb5 41. Rxb5 Bd3+ 42. Kf2 Bxb5 43. c4 Bd7 44. c5 Kf8 45. Kf3 Ke7 46. f5 Bc6+ 47. Kf4 Kd7 48. Nc2 Kc7 49. Nd4 Kd7 50. Ke5 Bh1 51. Nc2 Kc6 52. Kd4 Kd7 53. Ke5 1/2-1/2

[Event "CP-2010-Q-00003"]
[Site "LSS email"]
[Date "2012.01.15"]
[Round "?"]
[White "Mueller, Michael"]
[Black "Grigoryan, Gagik"]
[Result "1-0"]
[WhiteElo "2230"]
[BlackElo "1939"]
[PlyCount "95"]
[EventDate "2012.01.20"]
[EventType "tourn (corr)"]
[EventRounds "6"]
[EventCountry "GER"]
[SourceTitle "Telechess CBM 165"]
[Source "ChessBase"]
[SourceDate "2015.03.11"]
[SourceVersion "1"]
[SourceVersionDate "2015.03.11"]
[SourceQuality "1"]

1. e4 c5 2. Nf3 Nc6 3. d4 cxd4 4. Nxd4 Nf6 5. Nc3 e5 6. Ndb5 d6 7. Nd5 Nxd5 8. exd5 Nb8 9. c4 Be7 10. Be2 0-0 11. 0-0 a6 12. Nc3 f5 13. f3 Nd7 14. Be3 Bg5 15. Bf2 Qf6 16. Na4 Qh6 17. Qc2 Bf4 18. g3 Be3 19. Bxe3 Qxe3+ 20. Kh1 b6 21. Rae1 Qg5 22. Bd3 g6 23. b4 Bb7 24. Qb3 Rfc8 25. Rf2 Rab8 26. Nc3 Rc7 27. a4 Rcc8 28. Qc2 Ra8 29. g4 f4 30. Rb1 Qe7 31. g5 a5 32. h4 axb4 33. Rxb4 Nc5 34. Rg2 Ba6 35. h5 Kg7 36. Ne4 Nxe4 37. Bxe4 Rc5 38. Rg1 Qc7 39. Qh2 Rh8 40. Rgb1 Rxc4 41. Rxb6 Bc8 42. Rc6 Rxc6 43. dxc6 Qa5 44. Qc2 Kf8 45. c7 Rg8 46. hxg6 hxg6 47. Qh2 Qxc7 48. Qh6+ 1-0

[Event "CP-2011-P-00011"]
[Site "LSS email"]
[Date "2011.09.30"]
[Round "?"]
[White "Ould Ahmed, Samy"]
[Black "Grigoryan, Gagik"]
[Result "1/2-1/2"]
[WhiteElo "2134"]
[BlackElo "1925"]
[PlyCount "65"]
[EventDate "2011.10.01"]
[EventType "tourn (corr)"]
[EventRounds "6"]
[EventCountry "GER"]
[SourceTitle "Telechess CBM 153"]
[Source "ChessBase"]
[SourceDate "2013.03.14"]
[SourceVersion "1"]
[SourceVersionDate "2013.03.14"]
[SourceQuality "1"]

1. e4 c5 2. Nf3 Nc6 3. d4 cxd4 4. Nxd4 Nf6 5. Nc3 e5 6. Ndb5 d6 7. Bg5 a6 8. Na3 b5 9. Nd5 Be7 10. Bxf6 Bxf6 11. c3 0-0 12. Nc2 Bg5 13. a4 bxa4 14. Rxa4 a5 15. Bc4 Rb8 16. b3 Kh8 17. Nce3 g6 18. 0-0 f5 19. Qf3 f4 20. Nc2 Be6 21. Qd3 Qd7 22. Rd1 Bd8 23. Raa1 Ne7 24. Nxe7 Bxe7 25. Rxa5 f3 26. Bxe6 Qxe6 27. gxf3 Rxb3 28. Rda1 Qc8 29. R5a3 Rxa3 30. Rxa3 d5 31. Ra4 Qc6 32. Ra5 dxe4 33. Qxe4 1/2-1/2

[Event "BI-2011-P-00010"]
[Site "LSS email"]
[Date "2011.04.17"]
[Round "?"]
[White "Grigoryan, Gagik"]
[Black "Bobrovich, Sergey"]
[Result "1-0"]
[WhiteElo "1761"]
[BlackElo "1903"]
[PlyCount "85"]
[EventDate "2011.04.20"]
[EventType "tourn (corr)"]
[EventRounds "10"]
[EventCountry "GER"]
[SourceTitle "Telechess CBM 157"]
[Source "ChessBase"]
[SourceDate "2013.11.12"]
[SourceVersion "1"]
[SourceVersionDate "2013.11.12"]
[SourceQuality "1"]

1. d4 Nf6 2. c4 g6 3. Nc3 Bg7 4. e4 d6 5. Nf3 0-0 6. Be2 e5 7. 0-0 Nc6 8. d5 Ne7 9. Ne1 Nd7 10. Nd3 f5 11. Bd2 Nf6 12. f3 f4 13. c5 g5 14. cxd6 cxd6 15. Nf2 Ng6 16. Qc2 Rf7 17. Rfc1 a6 18. a4 h5 19. h3 g4 20. fxg4 hxg4 21. hxg4 Bf8 22. a5 b5 23. axb6 Qxb6 24. Na4 Qa7 25. Ba5 Rb8 26. Bc7 Rb4 27. Bxd6 Nxe4 28. Bc5 Bxc5 29. Nxc5 Qxc5 30. Qxc5 Nxc5 31. Rxc5 Bb7 32. Bxa6 Rxb2 33. Bd3 Rb6 34. Bf5 f3 35. Be6 fxg2 36. Bxf7+ Kxf7 37. Rc7+ Ke8 38. Ra7 Rb1+ 39. Kxg2 Bxd5+ 40. Kh2 Rb8 41. Nd3 e4 42. Nc5 e3 43. Kg3 1-0

[Event "BI-2011-P-00010"]
[Site "LSS email"]
[Date "2011.04.17"]
[Round "?"]
[White "Grigoryan, Gagik"]
[Black "Stepanov, Valery Anatolievich"]
[Result "1/2-1/2"]
[WhiteElo "1761"]
[BlackElo "1705"]
[PlyCount "52"]
[EventDate "2011.04.20"]
[EventType "tourn (corr)"]
[EventRounds "10"]
[EventCountry "GER"]
[SourceTitle "Telechess CBM 157"]
[Source "ChessBase"]
[SourceDate "2013.11.12"]
[SourceVersion "1"]
[SourceVersionDate "2013.11.12"]
[SourceQuality "1"]

1. d4 d5 2. c4 e6 3. Nc3 Nf6 4. Bg5 Be7 5. Nf3 0-0 6. e3 h6 7. Bh4 b6 8. cxd5 Nxd5 9. Bxe7 Qxe7 10. Nxd5 exd5 11. Rc1 Be6 12. Qa4 c5 13. Qa3 Rc8 14. Be2 Qf8 15. dxc5 bxc5 16. 0-0 Nd7 17. Rfd1 a5 18. Nd2 c4 19. Qxf8+ Kxf8 20. e4 Ne5 21. exd5 Bxd5 22. Nb1 Be4 23. f4 Nd3 24. Bxd3 Bxd3 25. Na3 Rab8 26. Rd2 Rd8 1/2-1/2

[Event "BI-2011-P-00010"]
[Site "LSS email"]
[Date "2011.04.17"]
[Round "?"]
[White "Kopasov, Evgeny Aleksandrovi"]
[Black "Grigoryan, Gagik"]
[Result "1-0"]
[WhiteElo "2255"]
[BlackElo "1761"]
[PlyCount "123"]
[EventDate "2011.04.20"]
[EventType "tourn (corr)"]
[EventRounds "10"]
[EventCountry "GER"]
[SourceTitle "Telechess CBM 157"]
[Source "ChessBase"]
[SourceDate "2013.11.12"]
[SourceVersion "1"]
[SourceVersionDate "2013.11.12"]
[SourceQuality "1"]

1. d4 Nf6 2. c4 g6 3. g3 Bg7 4. Bg2 0-0 5. Nc3 d6 6. Nf3 Nbd7 7. 0-0 e5 8. e4 exd4 9. Nxd4 Re8 10. h3 Nc5 11. Re1 a5 12. Ndb5 Bd7 13. Bf4 Bxb5 14. cxb5 Nfd7 15. Qc2 Ne6 16. Be3 c5 17. bxc6 bxc6 18. Red1 Qe7 19. Qd2 Ne5 20. b3 Nc5 21. Rac1 Rad8 22. Qc2 Ned7 23. Ne2 Rc8 24. Nd4 h5 25. Rd2 h4 26. g4 Nb8 27. Ne2 Nxe4 28. Bxe4 Qxe4 29. Qxe4 Rxe4 30. Rxd6 Bb2 31. Rcd1 Na6 32. R1d2 Bg7 33. Rd8+ Rxd8 34. Rxd8+ Kh7 35. Rd7 Kg8 36. Ra7 Nb4 37. Rxa5 Nc2 38. Ra8+ Kh7 39. Ra4 Re8 40. g5 Nxe3 41. Rxh4+ Kg8 42. fxe3 Rxe3 43. Kf2 Rd3 44. Nc1 Rd5 45. Rg4 Bc3 46. Rc4 Bd2 47. h4 Bxc1 48. Rxc1 Rd2+ 49. Kf3 Rxa2 50. Rxc6 Kf8 51. b4 Rb2 52. Rb6 Rh2 53. Kg3 Rb2 54. Rb7 Ke8 55. b5 Rb1 56. Kf4 Re1 57. b6 Kd8 58. Rc7 Re2 59. h5 gxh5 60. Kg3 h4+ 61. Kxh4 Rf2 62. Kg4 1-0

[Event "BI-2011-P-00010"]
[Site "LSS email"]
[Date "2011.04.17"]
[Round "?"]
[White "Molano Lafuente, Ismael"]
[Black "Grigoryan, Gagik"]
[Result "0-1"]
[WhiteElo "1349"]
[BlackElo "1761"]
[PlyCount "46"]
[EventDate "2011.04.20"]
[EventType "tourn (corr)"]
[EventRounds "10"]
[EventCountry "GER"]
[SourceTitle "Telechess CBM 157"]
[Source "ChessBase"]
[SourceDate "2013.11.12"]
[SourceVersion "1"]
[SourceVersionDate "2013.11.12"]
[SourceQuality "1"]

1. e4 c5 2. Nf3 Nc6 3. d4 cxd4 4. Nxd4 Nf6 5. Nc3 e5 6. Ndb5 d6 7. Bg5 a6 8. Na3 b5 9. Bxf6 gxf6 10. Nd5 f5 11. Bxb5 axb5 12. Nxb5 Ra4 13. b4 Rxb4 14. Nbc7+ Kd7 15. 0-0 Rg8 16. Qh5 Qg5 17. Qxf7+ Be7 18. Qxf5+ Qxf5 19. exf5 Rb7 20. Ne6 Ke8 21. a4 Kf7 22. Rfb1 Rxb1+ 23. Rxb1 Bxe6 0-1